000 00694nam a2200241Ii 4500
003 JO-AjNU
005 20240709080404.0
008 230605s9999||||xx |||||||||||||| ||und||
017 _a1979/5184
040 _aJO-AjNU
_bara
_erda
_cJO-AjNU
041 _aara
050 1 4 _aLB1025.M8722 1979
100 3 _aمطاوع،إبراهيم عصمت,
_eauthor
_98628
245 0 0 _aأصول التربية
250 _aط1
264 3 1 _aالقاهرة:دار المعارف،1979
300 _a316ص
336 _atext
_btxt
_2rdacontent
337 _aunmediated
_bn
_2rdamedia
338 _avolume
_bnc
_2rdacarrier
650 4 _a التربية و التعليم-فلسفة
_98629
942 _2lcc
_cBK
999 _c4454
_d4454